The return of the native / (Record no. 232485)

000 -LEADER
fixed length control field 00970cam a22003011a 4500
001 - CONTROL NUMBER
control field 7404632
003 - CONTROL NUMBER IDENTIFIER
control field Nust
005 - DATE AND TIME OF LATEST TRANSACTION
control field 20170219184308.0
008 - FIXED-LENGTH DATA ELEMENTS--GENERAL INFORMATION
fixed length control field 830302s1878 enk 000 1 eng
010 ## - LIBRARY OF CONGRESS CONTROL NUMBER
LC control number 45049409
020 ## - INTERNATIONAL STANDARD BOOK NUMBER
International Standard Book Number 9780140435184
035 ## - SYSTEM CONTROL NUMBER
System control number (OCoLC)9272336
040 ## - CATALOGING SOURCE
Original cataloging agency DLC
Transcribing agency OU
Modifying agency OCoLC
-- DeU
-- DLC
050 00 - LIBRARY OF CONGRESS CALL NUMBER
Classification number PR4747
Item number .A1 1878
082 ## - DEWEY DECIMAL CLASSIFICATION NUMBER
Classification number 823.8
Author Mark HAR
100 1# - MAIN ENTRY--PERSONAL NAME
Personal name Hardy, Thomas,
Dates associated with a name 1840-1928.
245 14 - TITLE STATEMENT
Title The return of the native /
Statement of responsibility, etc. by Thomas Hardy.
260 ## - PUBLICATION, DISTRIBUTION, ETC.
Place of publication, distribution, etc. London :
Name of publisher, distributor, etc. Smith, Elder & Co.,
Date of publication, distribution, etc. 1878.
300 ## - PHYSICAL DESCRIPTION
Extent xIv 449 p ;
Dimensions 20 cm.
650 #0 - SUBJECT ADDED ENTRY--TOPICAL TERM
Topical term or geographic name entry element People with visual disabilities
Form subdivision Fiction.
650 #0 - SUBJECT ADDED ENTRY--TOPICAL TERM
Topical term or geographic name entry element Mothers and sons
Form subdivision Fiction.
650 #0 - SUBJECT ADDED ENTRY--TOPICAL TERM
Topical term or geographic name entry element Mate selection
Form subdivision Fiction.
650 #0 - SUBJECT ADDED ENTRY--TOPICAL TERM
Topical term or geographic name entry element Heathlands
Form subdivision Fiction.
650 #0 - SUBJECT ADDED ENTRY--TOPICAL TERM
Topical term or geographic name entry element Adultery
Form subdivision Fiction.
651 #0 - SUBJECT ADDED ENTRY--GEOGRAPHIC NAME
Geographic name Wessex (England)
Form subdivision Fiction.
655 #7 - INDEX TERM--GENRE/FORM
Genre/form data or focus term Didactic fiction.
Source of term gsafd
655 #7 - INDEX TERM--GENRE/FORM
Genre/form data or focus term Love stories.
Source of term gsafd
906 ## - LOCAL DATA ELEMENT F, LDF (RLIN)
a 7
b cbc
c oclcrpl
d u
e ncip
f 19
g y-gencatlg
942 ## - ADDED ENTRY ELEMENTS (KOHA)
Source of classification or shelving scheme
Koha item type Book
Holdings
Withdrawn status Lost status Source of classification or shelving scheme Damaged status Not for loan Permanent Location Current Location Shelving location Date acquired Total Checkouts Full call number Barcode Date last seen Date last checked out Copy number Price effective from Koha item type
          Central Library (CL) Central Library (CL) Fiction 02/19/2017 3 823.8 HAR CL1467 11/21/2022 09/23/2022 1 02/19/2017 Book
© 2023 Central Library, National University of Sciences and Technology. All Rights Reserved.